000 01335cam a2200337Ki 4500
005 20240423133313.0
008 150723s2014 be abo frb 000 0 spa d
020 _a9789587167269
035 _a(OCoLC)899248222
040 _aCO-BoUCM
_bspa
_cSandra Palacio
_dSandra Palacio
041 0 _aspa
100 1 _aSevilla, Manuel
_d1974-
_970298
245 1 0 _aTravesías por la tierra del olvido
_bmodernidad y colombianidad en la música de Carlos Vives y la provincia
_cManuel Sevilla...[y otros]
250 _a1a ed
260 _aBogotá (Colombia)
_bPontificia Universidad Javeriana
_c2014
300 _a436 páginas
_bilustraciones, mapas, fotografías
490 1 _aCulturas musicales en Colombia
504 _aIncluye referencias bibliográficas
600 1 4 _aVives, Carlos
_xObra musical
_970299
610 1 _aLa Provincia
_xAgrupación musical
_970300
650 7 _aFolclor
_97632
_zColombia
650 7 _aMúsica folclórica
_919998
_zColombia
650 7 _aComposición musical
_911297
650 7 _aInterpretación musical
_917904
690 _aCrítica e interpretación
_97470
700 1 _aOchoa, Juan Sebastián
_970301
700 1 _aSantamaría-Delgado, Carolina
_970302
700 1 _aCataño Arango, Carlos Eduardo
_970303
942 _2DEWEY
_a17
_cLIBRO
_e1
_h780
_mS511
999 _c299935
_d299935